Central Library OPAC University of Rajshahi

Nehru : (Record no. 82006)

MARC details
000 -LEADER
fixed length control field 01052nam a2200313 a 4500
001 - CONTROL NUMBER
control field 82006
003 - CONTROL NUMBER IDENTIFIER
rucl marc code BD-RjUL
005 - DATE AND TIME OF LATEST TRANSACTION
control field 20230927105612.0
008 - FIXED-LENGTH DATA ELEMENTS--GENERAL INFORMATION
fixed length control field 220328s2021 ii b 001 0 eng
020 ## - INTERNATIONAL STANDARD BOOK NUMBER
International Standard Book Number 9789354229343
Qualifying information (P-ISBN)
Canceled/invalid ISBN 9789354228209
Qualifying information (E-ISBN)
International Standard Book Number 9789354229343
035 ## - SYSTEM CONTROL NUMBER
System control number (BD-RjUL)82006
040 ## - CATALOGING SOURCE
Original cataloging agency DLC
Language of cataloging eng
Description conventions rda
Transcribing agency DLC
Modifying agency DLC
-- BD-RjUL
041 ## - LANGUAGE CODE
Language code of text/sound track or separate title eng
082 ## - DEWEY DECIMAL CLASSIFICATION NUMBER
Edition number 23
Classification number 954.042092
Author mark and year SIN 2021
100 1# - MAIN ENTRY--PERSONAL NAME
Personal name Singh, Tripurdaman,
Relator term author.
9 (RLIN) 9252
245 10 - TITLE STATEMENT
Title Nehru :
Remainder of title the debates that defined India /
Statement of responsibility, etc. Tripurdaman Singh and Adeel Hussain.
264 #1 - PRODUCTION, PUBLICATION, DISTRIBUTION, MANUFACTURE, AND COPYRIGHT NOTICE
Place of production, publication, distribution, manufacture New Delhi :
Name of producer, publisher, distributor, manufacturer Fourth Estate,
Date of production, publication, distribution, manufacture, or copyright notice 2021.
300 ## - PHYSICAL DESCRIPTION
Pagination xv, 275 pages ;
Size 22 cm.
336 ## - CONTENT TYPE
Content type term text
Content type code txt
Source rdacontent
337 ## - MEDIA TYPE
Media type term unmediated
Media type code n
Source rdamedia
338 ## - CARRIER TYPE
Carrier type term volume
Carrier type code nc
Source rdacarrier
504 ## - BIBLIOGRAPHY, ETC. NOTE
Bibliography, etc Includes bibliographical references (pages 241-259) and index.
600 10 - SUBJECT ADDED ENTRY--PERSONAL NAME
Personal name Nehru, Jawaharlal,
Dates associated with a name 1889-1964.
651 #0 - SUBJECT ADDED ENTRY--GEOGRAPHIC NAME
Geographic name India
General subdivision Politics and government
Chronological subdivision 20th century.
9 (RLIN) 8336
700 1# - ADDED ENTRY--PERSONAL NAME
Personal name Hussain, Adeel,
Relator term author.
942 ## - ADDED ENTRY ELEMENTS (KOHA)
Source of classification or shelving scheme Dewey Decimal Classification
Koha item type Books
Holdings
Lost status Source of classification or shelving scheme Damaged status Not for loan Collection code Permanent Location Current Location Shelving location Date acquired Source of acquisition Cost, normal purchase price Total Checkouts Full call number Date last seen Copy number Koha item type
  Dewey Decimal Classification   Not For Loan Non-fiction Central Library, University of Rajshahi Central Library, University of Rajshahi Reading Room 03/08/2023 Dhaka: Omni Concept 748.75   954.042092 SIN 2021 27/09/2023 C-1 Books
  Dewey Decimal Classification     Non-fiction Central Library, University of Rajshahi Central Library, University of Rajshahi General Stacks 03/08/2023 Dhaka: Omni Concept 748.75   954.042092 SIN 2021 27/09/2023 C-2 Books